| 000 | 00381nam a2200133Ia 4500 | ||
|---|---|---|---|
| 008 | 231129s9999||||xx |||||||||||||| ||spa|| | ||
| 020 | _a968-18-5946-4 | ||
| 040 | _bspa | ||
| 082 | _a684 V465 | ||
| 100 | _aSecretaria de Comercio y Fomento Industrial | ||
| 245 | 0 | _aVentanas y perfiles | |
| 264 | _aLimusa Noriega Editores | ||
| 942 |
_2ddc _cBKS |
||
| 999 |
_c26173 _d26173 |
||